Ideas numbers 25-28. (Record no. 15329)

000 -LEADER
fixed length control field 00613nam a2200193 a 4500
001 - CONTROL NUMBER
control field :::00013988$&:&@@
003 - CONTROL NUMBER IDENTIFIER
control field OkBaRHE
005 - DATE AND TIME OF LATEST TRANSACTION
control field 20100331122447.0
008 - FIXED-LENGTH DATA ELEMENTS--GENERAL INFORMATION
fixed length control field s1985 j 000 0 eng u
040 ## - CATALOGING SOURCE
Transcribing agency
100 1# - MAIN ENTRY--PERSONAL NAME
Personal name Rice, Wayne and Yaconelli, Mike,
245 10 - TITLE STATEMENT
Title Ideas numbers 25-28.
260 ## - PUBLICATION, DISTRIBUTION, ETC. (IMPRINT)
Place of publication, distribution, etc El Cajon, CA., ;
Name of publisher, distributor, etc Youth Specialties, Inc.
Date of publication, distribution, etc 1985
300 ## - PHYSICAL DESCRIPTION
Extent 204 p. ;
Dimensions : 28 cm.
650 ## - SUBJECT ADDED ENTRY--TOPICAL TERM
Topical term or geographic name as entry element Youth Ministry
700 ## - ADDED ENTRY--PERSONAL NAME
Personal name Yaconelli, Mike, Joint editor.
942 ## - ADDED ENTRY ELEMENTS (KOHA)
Source of classification or shelving scheme
Koha item type Books
Copies
Copy number Not for loan Barcode Damaged status Source of classification or shelving scheme Shelving location Permanent Location Lost status Price effective from Date last seen Koha item type Withdrawn status Full call number Date acquired
1 13988  General StacksRHEMA Bible Training College 2010-04-142010-04-14Books BV 4447 .R53 V.25-282010-04-14